[Event "Seville-ch Primera"]
[Site "Seville"]
[Date "2013.02.09"]
[Round "3.9"]
[White "Ruiz Segura, Francisco"]
[Black "Ferrer Freyre, David"]
[Result "1-0"]
[WhiteElo "2262"]
[BlackElo "2043"]
[PlyCount "69"]
[EventDate "2013.01.26"]
[EventType "tourn"]
[EventRounds "9"]
[EventCountry "ESP"]
[SourceTitle "EXT 2024"]
[Source "ChessBase"]
[SourceDate "2023.10.10"]
[SourceVersion "1"]
[SourceVersionDate "2023.10.10"]
[SourceQuality "1"]

1. e4 c5 2. Nf3 e6 3. d4 cxd4 4. Nxd4 a6 5. Bd3 Nc6 6. Be3 Qc7 7. 0-0 Nf6 8. Nc3 d6 9. f4 Be7 10. Qf3 0-0 11. Nxc6 bxc6 12. g4 c5 13. g5 Nd7 14. Qh5 g6 15. Qh6 Re8 16. Rf3 Bf8 17. Qh4 Bg7 18. Rh3 Nf8 19. Rf1 d5 20. e5 Bb7 21. Nd1 Qc6 22. Nf2 Rab8 23. Be2 d4 24. Bf3 Qa4 25. Bc1 Bxf3 26. Rxf3 f6 27. gxf6 Bh8 28. Ng4 h5 29. Nh6+ Kh7 30. R1f2 d3 31. Qg5 dxc2 32. Nf7 Kg8 33. Nxh8 Qe4 34. f7+ Kxh8 35. Qf6+ 1-0

[Event "Andalucia-ch"]
[Site "Spain"]
[Date "1997.??.??"]
[Round "?"]
[White "Ruiz Segura, Francisco"]
[Black "Terron Elena, Francisco Miguel"]
[Result "0-1"]
[WhiteElo "2235"]
[BlackElo "2240"]
[PlyCount "68"]
[EventDate "1997.??.??"]
[EventType "swiss"]
[EventRounds "9"]
[EventCountry "ESP"]
[SourceTitle "EXT 2006"]
[Source "ChessBase"]
[SourceDate "2005.11.24"]
[SourceVersion "1"]
[SourceVersionDate "2005.11.24"]
[SourceQuality "1"]

1. Nf3 g6 2. g3 Bg7 3. Bg2 Nf6 4. 0-0 0-0 5. d3 d5 6. c3 Nbd7 7. Nbd2 e5 8. e4 c6 9. Re1 Qc7 10. h3 Re8 11. Qc2 a5 12. Nf1 dxe4 13. dxe4 Nc5 14. N3h2 h5 15. Be3 b6 16. Bxc5 bxc5 17. Ne3 Nd7 18. Rad1 Nb6 19. Nf3 Bh6 20. Bf1 Be6 21. Nd2 a4 22. b3 axb3 23. Nxb3 Bf8 24. Rb1 Ra7 25. Red1 Rea8 26. Nc1 c4 27. Qd2 Bc5 28. Nf5 gxf5 29. Qg5+ Kf8 30. exf5 Bd5 31. f6 Nd7 32. Re1 Qd6 33. Qg7+ Ke8 34. Kh2 Qxf6 0-1

[Event "Badalona op"]
[Site "Badalona"]
[Date "1995.??.??"]
[Round "1"]
[White "Ruiz Segura, Francisco"]
[Black "Marin, Mihail"]
[Result "0-1"]
[WhiteElo "2270"]
[BlackElo "2520"]
[PlyCount "70"]
[EventDate "1995.08.??"]
[EventType "swiss"]
[EventRounds "9"]
[EventCountry "ESP"]
[SourceTitle "CBM 049 Extra"]
[Source "ChessBase"]
[SourceDate "1996.01.01"]
[SourceVersion "1"]
[SourceVersionDate "1996.01.01"]
[SourceQuality "1"]

1. e4 c5 2. Nf3 d6 3. d4 cxd4 4. Qxd4 Nc6 5. Bb5 Bd7 6. Bxc6 Bxc6 7. Nc3 Nf6 8. Bg5 e6 9. 0-0-0 Be7 10. Rhe1 0-0 11. Kb1 Qa5 12. Qd2 Qa6 13. Nd4 Rfd8 14. f3 Rab8 15. g4 b5 16. h4 b4 17. Nce2 Be8 18. Ng3 Qb7 19. Nh5 Nxh5 20. gxh5 f6 21. Be3 e5 22. Ne6 Bxh5 23. Nxd8 Rxd8 24. Qd5+ Qxd5 25. Rxd5 Bxf3 26. Bxa7 f5 27. Rb5 Bxh4 28. Rf1 Be2 29. Rh1 Bxb5 30. Rxh4 f4 31. Rh1 Bc6 32. Re1 g5 33. Bb6 Rd7 34. Kc1 g4 35. Kd2 g3 0-1